000 00612nam a2200241Ia 4500
003 OSt
005 20221007082410.0
006 a|||||r|||| 00| 0
007 ta
008 221006b |||||||| |||| 00| 0 eng d
024 _a15,191
037 _cReports / Technical Reports
040 _aFLL
_cFLL
_beng
041 _2eng
_aeng
082 _aX:9521.2.N64t, K4
110 _aGovt of India
245 0 _aBonus commission
260 _c1964
300 _a154p
_ccm.
700 _aGovt of India
942 _hX:9521.2.N64t, K4
_cREP
_2CC
999 _c1166290
_d1166290